000 01015nam a2200229Ia 4500
001 L200-53518
003 IT-CnALBA
008 170116s9999||||xx |||||||||||||| ||und||
040 _aIT-CnALBA
_cIT-CnALBA
041 _aITALIANO
100 _aMAGRASSI MARIANO, OSB., VESCOVO DI BARI.
245 0 _aUNA CHIESA PIÙ POVERA E PIÙ LIBERA. DOPO IL NUOVO CONCORDATO.
250 _a1a ed.
260 _aNOCI (BARI)
_bLA SCALA, EDIZIONI
_c1986 [1° Ed.:1986 - Ed.Ling.Originale: 1986]
300 _a32 p.
500 _aINTRODUZIONE. SVOLTA EPOCALE. SPIRITO PER AFFRONTARE LA NUOVA SITUAZIONE. DOVERI DI TUTTI. NORMATIVA CONCRETA E RITMI DI ATTUAZIONE.
501 _aSocietà San Paolo EM - Piazza San Paolo, 14 - 12051 ALBA (CN) (non commercial uses only) ® Copyright 2017
520 _aINTRODUZIONE. SVOLTA EPOCALE. SPIRITO PER AFFRONTARE LA NUOVA SITUAZIONE. DOVERI DI TUTTI. NORMATIVA CONCRETA E RITMI DI ATTUAZIONE.
650 _aRELIGIONE - RELIGIONE CRISTIANA
942 _cBK
957 _71
999 _a71008
_bNO
_g Copie: 1
_c312397
_d312397